书目信息 |
| 题名: |
环境产业的法律调整
|
|
| 作者: | 张璐 著 | |
| 分册: | ||
| 出版信息: | 北京 科学出版社 2005 |
|
| 页数: | 192页 | |
| 开本: | 21cm | |
| 丛书名: | 环境法学文库 | |
| 单 册: | ||
| 中图分类: | D922.604 | |
| 科图分类: | ||
| 主题词: | 资源法--研究--中国 , 环境保护法--研究--中国 , 资源法 , 环境保护法 | |
| 电子资源: | ||
| ISBN: | 7-03-015693-5 | |
| 000 | 01266oam2 2200313 450 | |
| 001 | 002980810 | |
| 005 | 20070805081015.51 | |
| 010 | @a7-03-015693-5@dCNY20.00 | |
| 035 | @a002980810 | |
| 100 | @a20050317d2005 em y0chiy0110 ea | |
| 101 | 0 | @achi |
| 102 | @aCN@b110000 | |
| 105 | @ay z 000yy | |
| 106 | @ar | |
| 200 | 1 | @a环境产业的法律调整@Ahuan jing chan ye de fa lv tiao zheng@e市场化渐进与环境资源法转型@Eshi chang hua jian jin yu huan jing zi yuan fa zhuan xing@f张璐著@Fzhang lu zhu |
| 210 | @a北京@c科学出版社@d2005 | |
| 215 | @a192页@d21cm | |
| 225 | 2 | @a环境法学文库@Ahuan jing fa xue wen ku |
| 330 | @a本书以环境产业兴起导致的环境资源法变革为主要研究对象,通过从利益限制到利益增进基本研究思路的转换,从法律功能拓展,法律调整机制改进,法律原则革新及法律制度完善等方面对我国环境资源法在市场化条件下的发展情况进行了较为系统的理论分析和论证。 | |
| 461 | 0 | @1001002954808@12001 @a环境法学文库 |
| 517 | 1 | @a市场化渐进与环境资源法转型@Ashi chang hua jian jin yu huan jing zi yuan fa zhuan xing |
| 606 | 0 | @a资源法@x研究@y中国 |
| 606 | 0 | @a环境保护法@x研究@y中国 |
| 606 | 0 | @a资源法 |
| 606 | 0 | @a环境保护法 |
| 690 | @aD922.604@v4 | |
| 701 | 0 | @a张璐@Azhang lu@f(1976.6~)@4著 |
| 801 | 0 | @aCN@bNLC@c20070805 |
| 905 | @dD922.604@e807@f5 | |
| 环境产业的法律调整:市场化渐进与环境资源法转型/张璐著.-北京:科学出版社,2005 |
| 192页;21cm.-(环境法学文库) |
| ISBN 7-03-015693-5:CNY20.00 |
| 本书以环境产业兴起导致的环境资源法变革为主要研究对象,通过从利益限制到利益增进基本研究思路的转换,从法律功能拓展,法律调整机制改进,法律原则革新及法律制度完善等方面对我国环境资源法在市场化条件下的发展情况进行了较为系统的理论分析和论证。 |
| ● |
| 相关链接 |
|
|
|
|
正题名:环境产业的法律调整
索取号:D922.604/807
 
预约/预借
| 序号 | 登录号 | 条形码 | 馆藏地/架位号 | 状态 | 备注 |
| 1 | 0852844 | 208528440 | 第一样本阅览室/ [索取号:D922.604/807] | 在馆 | |
| 2 | 0852845 | 208528459 | 第一借阅区/ [索取号:D922.604/807] | 在馆 | |
| 3 | 0852846 | 208528468 | 第一借阅区/ [索取号:D922.604/807] | 在馆 | |
| 4 | 0852847 | 208528477 | 第一借阅区/ [索取号:D922.604/807] | 在馆 | |
| 5 | 0852848 | 208528486 | 第一借阅区/ [索取号:D922.604/807] | 在馆 |